Estudio de prefactibilidad de la construcción de un sistema de abastecimiento de agua potable (MABE) para las comunidades Loma Linda y Paso Ancho del municipio de Santa Rosa del Peñón, departamento de León

Formula y evaluar el proyecto de la construcción de un mini acueducto por bombeo eléctrico (MABE), a nivel de prefactibilidad para analizar su rentabilidad socioeconómica, realiza un diagnóstico de situación actual de la comunidades para establecer la demanda de las zonas en estudio, establecer...

Full description

Bibliographic Details
Main Authors: Chacón Valdivia, Darwin Armando, Obregón Muñoz, Roberto José, Sánchez Salgado, Brandon Antonio
Other Authors: Tutor: Molina Lagos, Yader
Format: Tesis Section = Libro
Language:Undetermined
Spanish
Published: Managua UNI 2020
Subjects:
LEADER 01499nam a2200289Ia 4500
008 240830s9999 xx 000 0 und d
040 |a BIBLIOTECA-RUPAP Mon 628.72 Ch431 
041 |a spa 
082 |a Mon 628.72 Ch431 
100 1 |a Chacón Valdivia, Darwin Armando 
100 1 |b  Obregón Muñoz, Roberto José 
100 1 |c  Sánchez Salgado, Brandon Antonio 
245 1 0 |a Estudio de prefactibilidad de la construcción de un sistema de abastecimiento de agua potable (MABE) para las comunidades Loma Linda y Paso Ancho del municipio de Santa Rosa del Peñón, departamento de León 
260 |a Managua  |b UNI  |c 2020 
300 |a 137 p. :il. 
500 |a Contiene: Anexos y CD. 
502 |a Tesis (Ingeniero Civil)- UNI, 2020. 
520 3 |a Formula y evaluar el proyecto de la construcción de un mini acueducto por bombeo eléctrico (MABE), a nivel de prefactibilidad para analizar su rentabilidad socioeconómica, realiza un diagnóstico de situación actual de la comunidades para establecer la demanda de las zonas en estudio, establecer los requerimientos técnicos necesarios de diseño para la construcción, analiza la rentabilidad del proyecto mediante una evaluación socioeconómica. 
650 7 |a ABASTECIMIENTO DE AGUA POTABLE 
650 7 |b CONSUMO DE AGUA 
650 7 |c ESTUDIO DE FACTIBILIDAD 
650 7 |d ACUEDUCTOS-DISEÑO 
650 7 |e CALIDAD DEL AGUA 
700 1 |a Tutor:  |b Molina Lagos, Yader 
942 |c BK  |2 ddc 
991 |a TESIS 
999 |c 16478